MDQL
is popping MORE tags! Check the
thread
!
Quizzes
Events
Quiz Creation
Community
Videos
Private Events
Remove Ads
Sign In
Join for FREE
Feedback
Dark Mode
Quiz Categories
Sports
Geography
Music
Movies
Television
Just For Fun
Miscellaneous
History
Literature
Language
Science
Gaming
Entertainment
Religion
Holiday
For Kids
Quiz Lab
Recent
Popular Today
Quiz Kudos Today
Editor Picks
Curator Picks
Quizzes by...
Day
Popularity
Type
Ratings
Length
Year
Community
Subscriptions
Recent Discussions
Orange Saloon
Badges
Playlists
Quests
Create
Leaderboards
Showdown
Live 5
Trivia Bingo
Activity
Puzzle Library
Sporcle Events
Private Events
Virtual Trivia
Globe League
Become a Host
Pub Owners
SporcleCon
Opinionation
Our Games
Videos
Blog
Mobile Apps
Partnerships
Remove Ads and Go Orange
Feedback
Movies
Disney
Marvel Cinematic Universe
Movie Resume
Movie Titles
Oscar
Actor
Actress
Director
Pixar
Role
Movie Quotes
Movie Characters
Box Office
Nominee
Best Picture
Star Wars
James Bond
Horror Movies
Movies
Disney
Marvel Cinematic Universe
Movie Resume
Movie Titles
Oscar
Actor
Actress
Director
Pixar
Role
Movie Quotes
Movie Characters
Box Office
Nominee
Best Picture
Star Wars
James Bond
Horror Movies
Random Quiz
Search Sporcle
×
Quiz Lab
Quiz Lab
Movies
Quote
Type in answers that appear in a list
Type in answers that appear in a list
Classic
Best Score? Go Orange.
Movies By Quote/Catchphrase Stats
Can you name the movie by reading a quote/catchphrase from it?
By
shuujie
10m
50 Questions
426 Plays
426 Plays
426 Plays
Comments
Comments
Give Quiz Kudos
Give Quiz Kudos
-
- Ratings
hide this ad
More Info
Replay
Link that replays current quiz
Next Quiz
Link to next quiz in quiz playlist
You Got
0%
They Got
Avg Score
51%
Avg Friend Score
Upgrade to see
Score Distribution
Jump to the score distribution portion of the page
Score
0/50
Timer
10:00
0
Plays Today
Quote
Movie
% Correct
'Run, Forrest! Run!'
Forrest Gump
89.7%
'May the Force be with you.'
Star Wars: Episode IV - A New Hope
88%
'You're a wizard, Harry.'
Harry Potter and the Sorcerer's Stone
87.3%
'Hasta la vista, baby.'
Terminator 2
83.6%
'I'll make him an offer he can't refuse.'
The Godfather
82.6%
'Wait a minute, Doc... Are you telling me that you built a time machine... out of a DeLorean?'
Back to the Future
81.2%
'A census taker once tried to test me. I ate his liver with some fava beans and a nice chianti.'
The Silence of the Lambs
77.5%
'You can't handle the truth!'
A Few Good Men
74.6%
'We'll always have Paris.'
Casablanca
74.4%
'Live long and prosper.'
Star Trek
73.9%
'You shall not pass!'
The Lord of the Rings: The Fellowship of the Ring
73%
'...You talkin' to me? Well, I'm the only one here.'
Taxi Driver
71.1%
'...Bond. James Bond.'
007: Dr. No
70.4%
'There's no crying in baseball!'
A League of Their Own
70.4%
'I love the smell of napalm in the morning... smells like victory.'
Apocalypse Now
66.7%
'They call it a Royale With Cheese.'
Pulp Fiction
63.4%
'Silly Caucasian girl likes to play with Samurai swords.'
Kill Bill - Volume 1
63.4%
'But I'm funny how? I mean, funny like I'm a clown? I amuse you?'
Goodfellas
62%
'Ride like the wind, Bullseye!'
Toy Story 2
61.5%
'Redrum!'
The Shining
59.9%
'Off with their heads!'
Alice In Wonderland
59.9%
'Toto, I've got a feeling we're not in Kansas anymore.'
The Wizard of Oz
59.9%
'Mr. Anderson...'
The Matrix
58%
'I want to play a game.'
Saw
57.3%
'Carpe diem.'
Dead Poets Society
56.6%
Quote
Movie
% Correct
'Houston, we have a problem.'
Apollo 13
51.9%
'I'm the king of the world!'
Titanic
50.5%
'I see dead people.'
The Sixth Sense
50.2%
'All children, except one, grow up.'
Peter Pan
50%
'Remember, remember, the fifth of November.'
V For Vendetta
49.8%
'Say 'hello' to my little friend!'
Scarface
49.1%
'Frankly, my dear, I don't give a damn.'
Gone with the Wind
49.1%
'You're gonna need a bigger boat.'
Jaws
46.9%
'Seven days.'
The Ring
45.1%
'Can you just hold on for a second? I'm on my hamburger phone.'
Juno
40.8%
'If you build it, he will come.'
Field of Dreams
40.1%
'With great power comes great responsibility.'
Spider-man
39.9%
'Rosebud.'
Citizen Kane
38.5%
'A boy's best friend is his mother.'
Psycho
36.2%
'Fasten your seat belts -
it's going to be a bumpy night.'
All About Eve
23.9%
'Vanity, definitely my favorite sin.'
The Devil's Advocate
22.8%
'So long, and thanks for all the fish.'
The Hitchhiker's Guide to the Galaxy
21.8%
'Kill one, save a thousand.'
Wanted
17.6%
'I'm glad we caught you at home, could we use your phone? We're both in a bit of a hurry.'
The Rocky Horror Picture Show
14.8%
'You cannot die, MacLeod, accept it.'
Highlander
14.1%
'Naughty, naughty, naughty! You filthy old soomka!'
A Clockwork Orange
13.1%
'Okay, first things ****' last!'
Reservoir Dogs
12.9%
'The stuff that dreams are made of.'
The Maltese Falcon
12.4%
'She remembers me? Holy ****! She remembers me!'
50 First Dates
11%
'How does a good man decide when to kill?'
Hitman
4.5%
Quiz Playlist
Details
Report
Send in Message
Add To Playlist
More Info:
You have to figure out the movie through the quote given. (i.e. "AAAGH!!! ARE WE THERE YET?!?!" would be a quote from Shrek)
Classic:
Type in answers that appear in a list
Quiz Source
Last Updated: Feb 16, 2017
Quiz Scoreboard
CHALLENGE
Sign Up to Join the Scoreboard
Show All
Scores
Hide
Comments
May contain spoilers
Recently Published
Image Sorting: Flags VI
by Barbecue
Geography
2m
Find the 'City' Movie
by crazypaving
Movies
60s
Colored Red Africa Blitz
by spor1
Geography
45s
More to Explore
Quiz From the Vault
Featured Blog Post
14 Easter Pick-up Lines to Find Eggs With
hide this ad
You Might Also Like...
Tags
Quote Quiz
catchphrase
Reading
Today's Top Quizzes in Movies
Browse Movies
hide this ad
Today's Top Quizzes in Quote
Browse Quote
Top Contributed Quizzes in Movies
1
Find The 'Big' Movie
2
Find The 'Blue' Movie
3
Find The 'Wild' Movie
4
Movies By Plot
5
The ultimate James Bond movie quiz
6
Hidden Star Wars Character II
7
Pick 5 Posters: Directed by Spielberg
8
Hidden Star Wars Character III
9
Hidden Star Wars Character IV
10
25 Best Actor Nominees (1990s)
Explore More
Trending Topics
Kpop
Harry Potter
Disney
Marvel
NBA
Anime
Crossword
WWE
The Office
Song
Country
Puzzle
NFL
Soccer
Pokémon
hide this ad
More By:
shuujie
Quiz
Plays
Rating
Category
Featured
Created
Movies By Quote/Catchphrase
426
3.67
Movies
Mar 23, 2011
Go to Creator's Profile
Score Distribution
Quiz Creator Spotlight
shuujie
Follow
Send a Message
Quizzes Created
-
Created Quiz Play Count
-
More By This Creator
Popular Quizzes Today
1
Colored Red Africa Blitz
2
Find the US States - No Outlines Minefield
3
Find the 'City' Movie
4
5x2 Blitz: Bands
5
The Countries of the World
6
Find the US States
7
Find the Countries of Europe - No Outlines Minefield
8
US States
More Movies Quizzes
What Movie? Starting with a Number (Slideshow)
Quiz Lab
Trending Quizzes
Colored Red Europe Blitz I
Colored Red Europe Blitz II
Colored Red Africa Blitz II
Colored Red Europe Blitz III
Colored Red Africa Blitz III
Recently Updated
How Do You Spell That?
pecheneg
Godzilla Movies
pecheneg
Grab Bag: 4-10 Letters
pecheneg
2024 March Madness Bracket
pecheneg
Famous TV Couples
Peacemaker
Champions League XIs: Real Madrid
pecheneg
Largest US Cities 1790-2010
pecheneg
Rides in Walt Disney World
pecheneg
Most Oscar Losses (Acting)
pecheneg
Beyoncé Albums
pecheneg
Trending Topics
Disney
Anime
Harry Potter
Kpop
Marvel
Crossword
NBA
Song
Pokémon
The Office
Soccer
Country
Puzzle
NFL
WWE
Your Account Isn't Verified!
In order to create a playlist on Sporcle, you need to verify the email address you used during registration. Go to your
Sporcle Settings
to finish the process.
Report this User
Report this user for behavior that violates our
Community Guidelines
.
Details:
Send Report
Go to the Sporcle.com Mobile Site →
Comments